| 000 | 00477nam a22001817a 4500 | ||
|---|---|---|---|
| 999 |
_c3028 _d2985 |
||
| 008 | 171221b xxu||||| |||| 00| | tur d | ||
| 020 | _a9750701704 | ||
| 041 | _atur | ||
| 050 | _aPL248.G756 | ||
| 100 |
_aGülsoy, Murat _9964 |
||
| 245 | _aAlemlerin Sürekliliği ve Diğer Hikayeler | ||
| 250 | _a1. Baskı | ||
| 260 |
_aİstanbul: _bCan Yayınları, _c2002 |
||
| 300 | _a204 Sayfa | ||
| 500 | _a2 adet mevcuttur. | ||
| 650 | 0 |
_9145 _aTürk Edebiyatı |
|
| 942 |
_2lcc _cBK |
||